000 00424nam a22001817a 4500
003 NUST
020 _a9780070445208
038 _akhadija
082 _a519.5
_bmoo
100 _aMood, Alexander M.
_982554
245 _aINTRODUCTION TO THE THEORY OF STATISTICS /
250 _a3rd
260 _aNew Delhi:
_bTata McGraw-Hill,
_c2010.
300 _a564 p. ;
500 _aPaperback..
563 _aP.B
942 _cBK
_2ddc
999 _c32724
_d32724